| 000 | 00597nam a22002057a 4500 | ||
|---|---|---|---|
| 999 |
_c6332 _d6332 |
||
| 003 | OSt | ||
| 005 | 20190924113403.0 | ||
| 008 | 190924b ||||| |||| 00| 0 eng d | ||
| 020 | _a0340807644 | ||
| 040 | _cDNLM | ||
| 082 | _aQS17 E59h 2001 | ||
| 100 |
_a Ellis, Harold; Logan, B. M.; Dixon, Adrian K, 1926-. _912959 |
||
| 245 | _aHuman Sectional Anatomy : pocket atlas of body sections, CT and MRI images | ||
| 250 | _a2nd ed. | ||
| 260 |
_aLondon; _bArnold, _c2001 |
||
| 300 |
_aix,245p; _bcol.ill: _c25cm |
||
| 504 | _aIndex included | ||
| 650 |
_aAnatomy atlas _94546 |
||
| 942 |
_2z _cB_BANK |
||